Введение в дифференциальные игры. Элементы математической теории оптимального управления, элементы общей теории игр и дифференциальные игры: методическое пособие

Bibliografiske detaljer
Hovedforfatter: Лагунов В. Н.
Institution som forfatter: Академия наук Литовской ССР Институт математики и кибернетики
Sprog:russisk
Udgivet: Вильнюс, Изд-во Ин-та математики и кибернетики АН ЛитССР, 1979
Fag:
Format: MixedMaterials Bog
KOHA link:https://koha.lib.tpu.ru/cgi-bin/koha/opac-detail.pl?biblionumber=365824

MARC

LEADER 00000nam0a2200000 4500
001 365824
005 20231102011825.0
035 |a (RuTPU)RU\TPU\retro\23187 
090 |a 365824 
100 |a 20220121d1979 m y0rusy50 ca 
101 0 |a rus 
102 |a LT 
105 |a a j 001zy 
200 1 |a Введение в дифференциальные игры. Элементы математической теории оптимального управления, элементы общей теории игр и дифференциальные игры  |e методическое пособие  |f В. Н. Лагунов 
210 |a Вильнюс  |c Изд-во Ин-та математики и кибернетики АН ЛитССР  |d 1979 
215 |a 343 с.  |c ил. 
320 |a Библиогр.: с. 339-342 
606 1 |a Дифференциальные игры  |2 stltpush  |3 (RuTPU)RU\TPU\subj\9690  |9 36872 
610 1 |a методические пособия 
610 1 |a теория игр 
610 1 |a оптимальное управление 
610 1 |a динамическое программирование 
610 1 |a принцип максимума 
610 1 |a решения 
675 |a 517.977.8(075.8)  |v 4 
700 1 |a Лагунов  |b В. Н. 
712 0 2 |a Академия наук Литовской ССР  |b Институт математики и кибернетики  |2 stltpush  |3 (RuTPU)RU\TPU\col\14469  |9 25942 
801 1 |a RU  |b 63413507  |c 20220121 
942 |c BK